| 000 | 01712nam0a2200325 4500 | ||
|---|---|---|---|
| 001 | RU\NLR\bibl\1173680 | ||
| 005 | 20260405152809.0 | ||
| 010 |
_a978-5-8397-0560-9 _9100 |
||
| 021 |
_aRU _b2007-79029 _94255 |
||
| 035 | _a(NLR Aleph) 001160347 | ||
| 090 |
_a1533545 _c1533545 |
||
| 100 | _a20080109d2007 |||y0rusy50 ca | ||
| 101 | 0 | _arus | |
| 102 | _aRU | ||
| 105 | _ay z ||||| | ||
| 200 | 1 |
_aГеоботаническая экспертиза _eучебное пособие _eдля студентов, обучающихся по специальности Экология _fВ.В. Богачев, М.А. Борисова, О.А. Маракаев _gМ-во образования и науки Рос. Федерации, Федер. агентство по образованию, Яросл. гос. ун-т им. П.Г. Демидова |
|
| 210 |
_aЯрославль _cЯрГУ _d2007 |
||
| 215 |
_a148 с. _d21 |
||
| 320 | _aБиблиогр.: с. 118-131 | ||
| 606 | 1 |
_aГеоботанические исследования _jУчебные издания для высших учебных заведений _91410691 _3RU\NLR\auth\66282660 |
|
| 686 | _aЕ581.8я73 | ||
| 700 | 1 |
_4070 _7ca _8rus _aБогачев _bВ. В. _gВладимир Васильевич. _946791 _3RU\NLR\auth\7763862 |
|
| 701 | 1 |
_4070 _7ca _8rus _aБорисова _bМ. А. _cканд. биол. наук. _gМарина Анатольевна _946792 _3RU\NLR\auth\7763863 |
|
| 701 | 1 |
_4070 _7ca _8rus _aМаракаев _bО. А. _gОлег Анатольевич _946793 _3RU\NLR\auth\7763864 |
|
| 801 | 0 |
_aRU _bNLR _c20080109 _gRCR |
|
| 801 | 1 |
_aRU _bNLR _c20080109 |
|
| 942 | _cBOOK | ||
| 980 | _aNB | ||
| 980 | _aNBR | ||